000 00571nam a22002297a 4500
003 UA-OsUOA
001 20553
007 ta
008 20031031b un ||||| |||| 00| 0 ukr d
090 _a913 (9)
_bУ11
942 _cBK
040 _aUA-OsUOA
_brus
_cUA-OsUOA
_dUA-OsUOA
245 _aУ карты Атлантики
_cРед. Г.А.Арзуманов
300 _a312 с.
_bІлюстрації
955 _a0
041 _arus
080 _a913 (9)
260 _aМосква
_bВоениздат
_c1968
044 _aRU
650 7 _2UDC
999 _c306732
_d306732